000 00333 a2200157 4500
001 69240
020 _a8574060798
040 _cAnchieta - Itaigara
100 _aZatz, Sílvia
240 1 0 _aPlaneta Corpo
_lpor
245 1 0 _aPlaneta Corpo
300 _a78
362 0 _a2000
650 4 _aLiteratura infanto-juvenil
942 _cBK
999 _c69240
_d69240